[Event "Online Olym Div3 A 2021"]
[Site "chess.com INT"]
[Date "2021.08.27"]
[Round "3.1"]
[Board "6"]
[White "Pudasaini, Aava"]
[Black "Cho, Yeonhee"]
[Result "0-1"]
[BlackTitle "WCM"]
[WhiteElo "1379"]
[BlackElo "1423"]
[WhiteTeam "Nepal"]
[BlackTeam "South Korea"]
[WhiteFideId "12311995"]
[BlackFideId "13201190"]
[EventDate "2021.08.27"]
[EventType "team"]

1. e4 e5 2. Nf3 Nc6 3. Nc3 Nf6 4. Bc4 h6 5. h3 Bc5 6. d3 d6 7. a3 a6 8. b4 Ba7
9. Bb2 O-O 10. Qd2 Nd4 11. Nxd4 Bxd4 12. Rb1 c6 13. Ne2 Ba7 14. O-O Be6 15. Bxe6
fxe6 16. Kh1 Nh5 17. f3 Qh4 18. Qe1 Qg5 19. Bc1 Be3 20. h4 Qe7 21. Bxe3 Nf4 22.
Nxf4 exf4 23. Bf2 Rf7 24. Rg1 Raf8 25. c4 e5 26. c5 d5 27. exd5 cxd5 28. d4 Rf5
29. g4 fxg3 30. Rxg3 Rxf3 31. Rxf3 Rxf3 32. dxe5 Qe6 33. Kg1 Qg4+ 34. Kf1 Rh3
35. Bg1 Qf3+ 36. Qf2 Qd3+ 37. Kg2 Qxb1 38. Kxh3 Qd3+ 39. Qg3 Qf5+ 40. Qg4 Qd3+
41. Qg3 Qf5+ 42. Kh2 Qc2+ 43. Qg2 Qc4 44. Qf2 Qe4 45. Qg2 Qf4+ 46. Qg3 Qd2+ 47.
Qg2 Qf4+ 48. Qg3 Qd2+ 49. Kh3 d4 50. Qf4 Qxf4 51. Bh2 Qe3+ 52. Bg3 d3 53. e6 d2
54. e7 d1=Q 0-1

[Event "Online Olym Div3 A 2021"]
[Site "chess.com INT"]
[Date "2021.08.27"]
[Round "3.2"]
[Board "1"]
[White "Song, Raymond"]
[Black "Kulpruethanon, Thanadon"]
[Result "1-0"]
[WhiteTitle "IM"]
[BlackTitle "FM"]
[WhiteElo "2485"]
[BlackElo "2278"]
[WhiteTeam "Chinese Taipei"]
[BlackTeam "Thailand"]
[WhiteFideId "3203824"]
[BlackFideId "6201610"]
[EventDate "2021.08.27"]
[EventType "team"]

1. d4 d5 2. c4 e6 3. Nf3 Nf6 4. g3 Be7 5. Bg2 O-O 6. O-O c6 7. b3 Nbd7 8. Bb2 b6
9. Nc3 Ba6 10. Nd2 b5 11. e4 bxc4 12. bxc4 Nb6 13. c5 Bxf1 14. Bxf1 Nbd7 15. e5
Ne8 16. Qa4 Rb8 17. Nb3 Qc7 18. Nd1 f6 19. f4 fxe5 20. fxe5 g6 21. Bh3 Ng7 22.
Bc3 Rb5 23. Bd2 Nxe5 24. dxe5 Qxe5 25. Nc3 Rxc5 26. Re1 Qh5 27. Bg4 Rc4 28. Bxh5
Rxa4 29. Nxa4 gxh5 30. Bc3 Bf6 31. Bxf6 Rxf6 32. Nac5 Kf7 33. Nd4 Nf5 34. Ndxe6
Ke7 35. Nf4+ Kd6 36. Ncd3 h4 37. g4 Nd4 38. Kg2 c5 39. Nh5 Rg6 40. Kh3 c4 41.
Ndf4 Rg8 42. Rd1 Kc5 43. Nxd5 Ne2 44. Nhf4 Nxf4+ 45. Nxf4 c3 46. Ne2 Kc4 47. Rc1
Kd3 48. Rxc3+ Kxe2 49. Rc7 h5 50. gxh5 a5 51. h6 Rg6 52. h7 Rh6 53. Kg4 h3 54.
Kg5 1-0

[Event "Online Olym Div3 A 2021"]
[Site "chess.com INT"]
[Date "2021.08.27"]
[Round "3.2"]
[Board "2"]
[White "Arunnuntapanich, Tinnakrit"]
[Black "Liu, Yeh Yang"]
[Result "1/2-1/2"]
[WhiteElo "2094"]
[BlackElo "1994"]
[WhiteTeam "Thailand"]
[BlackTeam "Chinese Taipei"]
[WhiteFideId "6202039"]
[BlackFideId "16300416"]
[EventDate "2021.08.27"]
[EventType "team"]

1. d4 Nf6 2. c4 c5 3. d5 b5 4. Qc2 d6 5. e4 Qa5+ 6. Bd2 b4 7. Bd3 g6 8. Nf3 Bg7
9. O-O O-O 10. h3 Nbd7 11. Re1 Qc7 12. a3 Rb8 13. axb4 cxb4 14. Be3 Nc5 15. Nbd2
a5 16. Bxc5 Qxc5 17. Nb3 Qb6 18. Rxa5 Nd7 19. Rea1 Qc7 20. Nbd4 Nc5 21. Nc6 Rb7
22. e5 b3 23. Qe2 Nxd3 24. Qxd3 dxe5 25. Nd2 Bf5 26. Qe3 Bc2 27. Ne4 Bxe4 28.
Qxe4 f5 29. Qe3 e6 30. Qc5 exd5 31. cxd5 Qb6 32. d6 Qxc5 33. Rxc5 Rd7 34. Rd1 e4
35. Rd2 Kf7 36. Na5 Rb8 37. g4 Ke6 38. Nc4 Rb4 39. Kg2 Bh6 40. Rd1 Bf4 41. Kf1
h5 42. gxf5+ gxf5 43. Ke2 Rg7 44. Rc6 Rd7 45. f3 Rb5 46. fxe4 fxe4 47. Rd4 Rd5
48. Rxe4+ Kf5 49. Re7 Rd8 50. Rf7+ Kg5 51. Kf3 Bxd6 52. Nxd6 R8xd6 53. Rxd6 Rxd6
54. Ke4 Rd2 55. Rf4 Rxb2 56. h4+ Kg6 57. Rf3 Re2+ 58. Kf4 b2 59. Rb3 Rf2+ 60.
Kg3 Rc2 61. Kf4 Kf6 62. Rb6+ Ke7 63. Kg5 Kd7 64. Kxh5 Kc7 65. Rb3 Kc6 66. Kg6
Kc5 67. h5 Kc4 68. Rb8 Rg2+ 69. Kf6 Rh2 70. Kg6 Kc3 71. h6 Kc2 72. h7 Rg2+ 73.
Kf6 Rh2 74. Kg6 Rh3 75. Rxb2+ Kxb2 76. Kg7 Kc3 77. h8=Q Rxh8 78. Kxh8 1/2-1/2

[Event "Online Olym Div3 A 2021"]
[Site "chess.com INT"]
[Date "2021.08.27"]
[Round "3.2"]
[Board "3"]
[White "Chen, Chi"]
[Black "Promsirinimit, Pornouma"]
[Result "0-1"]
[WhiteElo "1588"]
[BlackElo "1559"]
[WhiteTeam "Chinese Taipei"]
[BlackTeam "Thailand"]
[WhiteFideId "16301633"]
[BlackFideId "6204171"]
[EventDate "2021.08.27"]
[EventType "team"]

1. d4 Nf6 2. Nf3 g6 3. c4 c6 4. Nc3 Bg7 5. e4 O-O 6. Bd3 d6 7. h3 Nbd7 8. O-O e5
9. d5 cxd5 10. cxd5 Nc5 11. Bc2 h6 12. Be3 b6 13. b4 Ncd7 14. Qd2 Kh7 15. Rac1
a6 16. Nh2 Nh5 17. Ne2 a5 18. g4 Nhf6 19. g5 hxg5 20. Bxg5 axb4 21. Qxb4 Nxd5
22. Bxd8 Nxb4 23. Be7 Rh8 24. Bxd6 Nc5 25. Bxc5 bxc5 26. Bb3 Ba6 27. Bc4 Bxc4
28. Rxc4 Rxa2 29. Nc1 Rc2 30. Rxc2 Nxc2 31. Nd3 c4 32. Nb2 c3 33. Na4 Rc8 34.
Rc1 Nd4 35. Kf1 c2 36. Ng4 f5 37. Ne3 Bh6 38. Nb6 Rc3 39. Nbd5 Rb3 40. Kg2 Rb1
41. Rxb1 cxb1=Q 42. exf5 gxf5 43. Nf6+ Kg6 44. Nfd5 f4 45. Ng4 Qe4+ 46. f3 Qxd5
47. Nf2 Qxf3+ 48. Kg1 Bg5 49. h4 Bxh4 50. Nh1 Ne2+ 51. Kh2 Bg3+ 52. Kh3 Qf1+ 53.
Kg4 Qg2 54. Nf2 Bxf2# 0-1

[Event "Online Olym Div3 A 2021"]
[Site "chess.com INT"]
[Date "2021.08.27"]
[Round "3.2"]
[Board "4"]
[White "Taweesupmun, Chanida"]
[Black "Shih, Ching-An"]
[Result "1/2-1/2"]
[WhiteTitle "WCM"]
[BlackTitle "WFM"]
[WhiteElo "1618"]
[BlackElo "1582"]
[WhiteTeam "Thailand"]
[BlackTeam "Chinese Taipei"]
[WhiteFideId "6200117"]
[BlackFideId "16300653"]
[EventDate "2021.08.27"]
[EventType "team"]

1. d4 d5 2. Nf3 Nf6 3. Bf4 Nbd7 4. e3 e6 5. Bd3 c5 6. O-O Be7 7. c4 O-O 8. Nc3
cxd4 9. exd4 dxc4 10. Bxc4 Nb6 11. Bd3 Nbd5 12. Be5 Bd6 13. Rc1 Bxe5 14. dxe5
Nxc3 15. Rxc3 Nd5 16. Rc4 b6 17. Rh4 h6 18. Qe2 f5 19. exf6 Qxf6 20. Qe4 Qf5 21.
Qxf5 exf5 22. Bc4 Be6 23. Rd4 Nc7 24. Rfd1 Bxc4 25. Rxc4 Rad8 26. Rxd8 Rxd8 27.
g3 Ne6 28. Nh4 Rd5 29. Rc6 Kf7 30. Nf3 g5 31. Rc2 Kf6 32. Kg2 Ra5 33. a3 Rd5 34.
Rc3 Nc5 35. b4 Ne6 36. Ne1 g4 37. Nc2 Ng5 38. Rc6+ Kg7 39. Ne3 Re5 40. Rc7+ Kf6
41. Rxa7 Ne4 42. Rb7 b5 43. Rb6+ Kg5 44. Rb8 h5 45. Rg8+ Kf6 46. Rf8+ Kg5 47.
Rg8+ Kf6 48. Rf8+ Kg5 49. Rg8+ 1/2-1/2

[Event "Online Olym Div3 A 2021"]
[Site "chess.com INT"]
[Date "2021.08.27"]
[Round "3.2"]
[Board "5"]
[White "Bai, Adelard"]
[Black "Laohawirapap, Prin"]
[Result "1/2-1/2"]
[WhiteTitle "FM"]
[BlackTitle "CM"]
[WhiteElo "2399"]
[BlackElo "2125"]
[WhiteTeam "Chinese Taipei"]
[BlackTeam "Thailand"]
[WhiteFideId "16301188"]
[BlackFideId "6205003"]
[EventDate "2021.08.27"]
[EventType "team"]

1. d4 Nf6 2. Nf3 c5 3. d5 a6 4. a4 e6 5. Nc3 exd5 6. Nxd5 Nxd5 7. Qxd5 Nc6 8.
Bg5 Be7 9. Bxe7 Qxe7 10. O-O-O b5 11. e4 bxa4 12. Bc4 Rb8 13. Qd6 Qxd6 14. Rxd6
Ke7 15. Rhd1 Rb4 16. Ba2 f6 17. R6d5 Rxe4 18. Rxc5 Nb4 19. Bc4 Bb7 20. Rc7 Bc6
21. Nd2 Re5 22. c3 Nd5 23. Ra7 Nb6 24. Rxa6 Nxc4 25. Nxc4 Re2 26. Ne3 Rb8 27.
Nf5+ Kf7 28. Nd4 Rexb2 29. Nxc6 dxc6 30. Rd7+ Kg6 31. Raa7 Rxf2 32. Rxg7+ Kf5
33. Rxa4 Rbb2 34. g4+ Ke6 35. Re4+ Kd5 36. Rd4+ Kc5 37. Rxh7 Rbc2+ 38. Kd1 Rxc3
39. Rd2 Rf1+ 40. Ke2 Rf4 41. Rh5+ Kb6 42. Rf5 Rxf5 43. gxf5 Rh3 44. Kf1 Kc5 45.
Kg2 Rh5 46. Rf2 Kd4 47. Kg3 c5 48. Kf4 Rh4+ 49. Kg3 Rh8 50. Kf4 c4 51. Rd2+ Kc3
52. Rd6 Rxh2 53. Rxf6 Kb2 54. Rb6+ Kc2 55. f6 c3 56. Kg5 Rf2 57. Kg6 Kc1 58. f7
c2 59. Rf6 Rxf6+ 60. Kxf6 Kb1 61. f8=Q c1=Q 62. Qb4+ Qb2+ 63. Qxb2+ Kxb2 1/2-1/2

[Event "Online Olym Div3 A 2021"]
[Site "chess.com INT"]
[Date "2021.08.27"]
[Round "3.3"]
[Board "1"]
[White "Kumar, Manoj"]
[Black "Yarmonov, Igor"]
[Result "0-1"]
[WhiteTitle "CM"]
[BlackTitle "IM"]
[WhiteElo "1928"]
[BlackElo "2394"]
[WhiteTeam "Fiji"]
[BlackTeam "IPCA"]
[WhiteFideId "11400064"]
[BlackFideId "14114496"]
[EventDate "2021.08.27"]
[EventType "team"]

1. d4 d5 2. Bf4 Nf6 3. e3 e6 4. c3 Bd6 5. Bg3 Qe7 6. Nd2 Nbd7 7. Ngf3 e5 8. dxe5
Nxe5 9. Nxe5 Bxe5 10. Nf3 Bxg3 11. hxg3 Bd7 12. Qb3 O-O-O 13. Nd4 h5 14. c4 c5
15. Nb5 Bxb5 16. cxb5 d4 17. b6 axb6 18. O-O-O dxe3 19. Rxd8+ Rxd8 20. fxe3 Ne4
21. Bb5 Nxg3 22. Re1 f5 23. Bc4 Kc7 24. Bd5 Qd6 25. Rd1 Qe5 26. Bf3 Rxd1+ 27.
Kxd1 Qe7 28. Qd5 Qd6 29. Qxd6+ Kxd6 30. Bxb7 Ke5 31. Ke1 h4 32. Kf2 g5 33. Bc6
g4 34. Bd7 Ne4+ 35. Kg1 Nd6 36. b3 Ke4 37. Kf2 Kd3 38. a4 Ne4+ 39. Kg1 Kxe3 40.
Bxf5 g3 41. Be6 Nd2 42. Bd5 Kd4 43. Be6 Kc3 44. Bf7 Kb4 45. Be6 Nxb3 46. Bd7 Nd2
47. Bb5 c4 0-1

[Event "Online Olym Div3 A 2021"]
[Site "chess.com INT"]
[Date "2021.08.27"]
[Round "3.3"]
[Board "3"]
[White "Lyons, Kieran"]
[Black "Aleksandrova, Aleksandra"]
[Result "0-1"]
[WhiteTitle "WFM"]
[BlackTitle "WFM"]
[WhiteElo "1767"]
[BlackElo "1731"]
[WhiteTeam "Fiji"]
[BlackTeam "IPCA"]
[WhiteFideId "11400102"]
[BlackFideId "4144198"]
[EventDate "2021.08.27"]
[EventType "team"]

1. e4 d6 2. d4 c6 3. c4 Nd7 4. Nc3 e5 5. d5 Qc7 6. Nf3 a5 7. b3 Ngf6 8. Bb2 Be7
9. Bd3 O-O 10. O-O Nc5 11. Bc2 Bg4 12. h3 Bh5 13. g4 Bg6 14. Nd2 Qd7 15. f4 exf4
16. Rxf4 h5 17. Qf3 Nh7 18. gxh5 Ng5 19. Qg3 Nxh3+ 20. Kh2 Nxf4 21. hxg6 Nxg6
22. Rh1 Bh4 23. Qf3 Ne5 24. Qh5 Qg4 25. Qxg4 Nxg4+ 26. Kg2 Ne3+ 27. Kh3 Nxc2 28.
Kxh4 f6 29. Nf3 Kf7 0-1

[Event "Online Olym Div3 A 2021"]
[Site "chess.com INT"]
[Date "2021.08.27"]
[Round "3.3"]
[Board "4"]
[White "Kaydanovich, Marina"]
[Black "Sewak, Aarti"]
[Result "1-0"]
[WhiteTitle "WIM"]
[WhiteElo "1737"]
[BlackElo "1412"]
[WhiteTeam "IPCA"]
[BlackTeam "Fiji"]
[WhiteFideId "4134877"]
[BlackFideId "11400722"]
[EventDate "2021.08.27"]
[EventType "team"]

1. Nf3 b6 2. Nc3 Bb7 3. e4 e6 4. d4 Bb4 5. Bd3 Nc6 6. O-O h6 7. Ne2 Nce7 8. c3
Bd6 9. e5 Bxf3 10. gxf3 Nd5 11. exd6 cxd6 12. Be4 Ngf6 13. c4 Nxe4 14. fxe4 Nf6
15. f3 g5 16. e5 dxe5 17. dxe5 Nh5 18. Qd6 Rc8 19. b3 Rc6 20. Qa3 Qc7 21. Bb2
Rc5 22. Bd4 Ra5 23. Qd6 Qxd6 24. exd6 e5 25. Bc3 Rc5 26. Rad1 f6 27. Bb4 Rc8 28.
Ng3 Nf4 29. Rfe1 Kf7 30. Nf5 h5 31. Ne7 Rcf8 32. Nd5 Nh3+ 33. Kf1 g4 34. Ke2
Rhg8 35. Ke3 gxf3 36. Kxf3 Rg4 37. Ne7 Ng5+ 38. Ke3 Ke6 39. Rg1 Re4+ 40. Kd3
Rd4+ 41. Kc2 Rxd1 42. Kxd1 h4 43. Ke2 Rh8 44. Ba3 h3 45. Ke3 Rh4 46. Rg3 Re4+
47. Kd3 Rd4+ 48. Ke2 Re4+ 49. Re3 Rg4 50. Kf1 Rg2 51. Re2 Rg4 52. Nd5 Ne4 53.
Ne3 Rf4+ 54. Ke1 Nc3 55. Rf2 Re4 56. Kd2 Nb1+ 57. Kd3 Rd4+ 58. Kc2 Nxa3+ 59. Kb2
Rd3 60. Re2 Kxd6 61. Kxa3 a5 62. Kb2 Kc5 63. Kc2 Rd4 64. Nf5 Rf4 65. Ng3 f5 66.
Rxe5+ Kc6 67. Rxf5 Rxf5 68. Nxf5 d5 69. Kd3 dxc4+ 70. Kxc4 b5+ 71. Kd4 Kb6 72.
Kd5 1-0

[Event "Online Olym Div3 A 2021"]
[Site "chess.com INT"]
[Date "2021.08.27"]
[Round "3.3"]
[Board "5"]
[White "Prasad, Rudr"]
[Black "Lipilin, Ilia"]
[Result "0-1"]
[BlackTitle "FM"]
[WhiteElo "1566"]
[BlackElo "2189"]
[WhiteTeam "Fiji"]
[BlackTeam "IPCA"]
[WhiteFideId "11401095"]
[BlackFideId "54113245"]
[EventDate "2021.08.27"]
[EventType "team"]

1. c4 f5 2. d3 Nf6 3. Nc3 d6 4. e4 e5 5. Bg5 Be7 6. Qb3 Nc6 7. Nf3 O-O 8. c5+
Kh8 9. Bxf6 Bxf6 10. cxd6 Qxd6 11. Be2 Be6 12. Qc2 Nd4 13. Nxd4 exd4 14. Nb5
Qb4+ 15. Qd2 Qxb5 16. O-O Rad8 17. exf5 Qxf5 18. Rfe1 Bg5 19. Qc2 Qxf2+ 20. Kh1
Bd5 21. Rg1 Qh4 22. Raf1 Bf4 23. h3 Qxh3# 0-1

[Event "Online Olym Div3 A 2021"]
[Site "chess.com INT"]
[Date "2021.08.27"]
[Round "3.3"]
[Board "6"]
[White "Dorozhkina, Mariya"]
[Black "Prasad, Tanvi"]
[Result "1-0"]
[WhiteTitle "WFM"]
[WhiteElo "1714"]
[BlackElo "1165"]
[WhiteTeam "IPCA"]
[BlackTeam "Fiji"]
[WhiteFideId "54132185"]
[BlackFideId "11401117"]
[EventDate "2021.08.27"]
[EventType "team"]

1. d4 d5 2. c4 dxc4 3. e4 b5 4. a4 c6 5. b3 cxb3 6. axb5 cxb5 7. Bxb5+ Bd7 8.
Qxb3 Bxb5 9. Qxb5+ Qd7 10. Qxd7+ Nxd7 11. Ne2 e6 12. O-O Ngf6 13. Nbc3 Bb4 14.
f3 O-O 15. Ba3 a5 16. Rfb1 Bxa3 17. Rxa3 Ra6 18. Rba1 Rfa8 19. Nc1 Nb6 20. Nb5
Ne8 21. Nd3 a4 22. Nc5 Ra5 23. Nc3 Nc4 24. Rxa4 Rxa4 25. Rxa4 Rxa4 26. N3xa4
Ned6 27. Nc3 g6 28. Kf2 Kg7 29. Ke2 Na5 30. Kd3 Nb3 31. Nxb3 1-0

[Event "Online Olym Div3 A 2021"]
[Site "chess.com INT"]
[Date "2021.08.27"]
[Round "3.4"]
[Board "1"]
[White "Liyanage, Ranindu Dilshan"]
[Black "Lim, Zhuo Ren"]
[Result "1-0"]
[WhiteTitle "CM"]
[BlackTitle "FM"]
[WhiteElo "2203"]
[BlackElo "2311"]
[WhiteTeam "Sri Lanka"]
[BlackTeam "Malaysia"]
[WhiteFideId "9915834"]
[BlackFideId "5702488"]
[EventDate "2021.08.27"]
[EventType "team"]

1. e4 c5 2. Nf3 d6 3. d4 cxd4 4. Nxd4 Nf6 5. Nc3 a6 6. Be3 e5 7. Nde2 Ng4 8. Nd5
Nxe3 9. Nxe3 Be7 10. Nc3 O-O 11. Ncd5 Be6 12. Bc4 Bg5 13. O-O Nd7 14. b4 Rc8 15.
Bb3 Bxe3 16. Nxe3 Nf6 17. Qd3 Qb6 18. Rab1 Qc6 19. f3 Qc3 20. Rfd1 Rfd8 21. Bxe6
fxe6 22. Rb3 Qxd3 23. Rbxd3 Ne8 24. c4 b6 25. Ra3 Ra8 26. c5 bxc5 27. bxc5 Kf8
28. cxd6 Rxd6 29. Rxd6 Nxd6 30. Ra5 Nf7 31. Ng4 Ke7 32. Nxe5 Nxe5 33. Rxe5 a5
34. a4 Kd6 35. Rb5 e5 36. Kf2 g5 37. Kg3 h5 38. h4 Rg8 39. Rxa5 gxh4+ 40. Kh3
Rg3+ 41. Kh2 Rg8 42. Ra6+ Ke7 43. Rh6 Ra8 44. Rxh5 Ke6 45. Rh6+ Ke7 46. Rxh4
Rxa4 47. Rh6 Ra1 48. Kg3 Ra2 49. Kh3 Kf7 50. g3 Rf2 51. Kg4 Rf1 52. f4 exf4 53.
gxf4 1-0

[Event "Online Olym Div3 A 2021"]
[Site "chess.com INT"]
[Date "2021.08.27"]
[Round "3.4"]
[Board "2"]
[White "Looi, Xin Hao"]
[Black "Doluweera, Minul Sanjula"]
[Result "1/2-1/2"]
[BlackTitle "FM"]
[WhiteElo "2101"]
[BlackElo "2129"]
[WhiteTeam "Malaysia"]
[BlackTeam "Sri Lanka"]
[WhiteFideId "5702828"]
[BlackFideId "9910760"]
[EventDate "2021.08.27"]
[EventType "team"]

1. d4 Nf6 2. c4 e6 3. Nf3 d5 4. e3 c5 5. cxd5 exd5 6. Nc3 Nc6 7. Be2 cxd4 8.
exd4 Bb4 9. O-O O-O 10. Bg5 Bxc3 11. bxc3 Qd6 12. Bxf6 Qxf6 13. Re1 Be6 14. Qa4
Rac8 15. Bb5 Bg4 16. Re3 Bxf3 17. Rxf3 Qd6 18. Bxc6 Qxc6 19. Qxa7 Ra8 20. Qc5
Qxc5 21. dxc5 Rfc8 22. h3 Rxc5 23. Rb1 b5 24. Rb2 Kf8 25. Re3 Ra3 26. Kh2 g6 27.
Rd2 h5 28. h4 Raxc3 29. Rxc3 Rxc3 30. Rxd5 Rc4 31. g3 Rc2 32. Kg2 b4 33. Rb5 Rb2
34. Rb7 Kg7 35. Rb6 Kh6 36. Kf3 Kg7 37. Kg2 1/2-1/2

[Event "Online Olym Div3 A 2021"]
[Site "chess.com INT"]
[Date "2021.08.27"]
[Round "3.4"]
[Board "3"]
[White "Premanath, Dinushki"]
[Black "Azhar, Puteri Munajjah Az-Zahraa"]
[Result "0-1"]
[WhiteTitle "WFM"]
[BlackTitle "WIM"]
[WhiteElo "1793"]
[BlackElo "2046"]
[WhiteTeam "Sri Lanka"]
[BlackTeam "Malaysia"]
[WhiteFideId "9903542"]
[BlackFideId "5709040"]
[EventDate "2021.08.27"]
[EventType "team"]

1. e4 c5 2. Nc3 d6 3. g3 g6 4. Bg2 Bg7 5. d3 Nf6 6. Bg5 Nc6 7. h3 Rb8 8. Qd2 b5
9. Nge2 Nd4 10. Nxd4 cxd4 11. Ne2 Qb6 12. Bh6 O-O 13. Bxg7 Kxg7 14. O-O e5 15.
f4 Nd7 16. f5 f6 17. fxg6 hxg6 18. g4 Qd8 19. Ng3 Nc5 20. g5 fxg5 21. Rxf8 Kxf8
22. h4 Ne6 23. Rf1+ Nf4 24. h5 Kg7 25. hxg6 Kxg6 26. Qd1 Qh8 27. Rf2 Bh3 28. Bf3
Qh4 29. Bg2 Qxg3 0-1

[Event "Online Olym Div3 A 2021"]
[Site "chess.com INT"]
[Date "2021.08.27"]
[Round "3.4"]
[Board "4"]
[White "Azhar, Puteri Rifqah Fahada"]
[Black "Ranasinghe, S D"]
[Result "1-0"]
[WhiteTitle "WFM"]
[BlackTitle "WIM"]
[WhiteElo "1939"]
[BlackElo "1725"]
[WhiteTeam "Malaysia"]
[BlackTeam "Sri Lanka"]
[WhiteFideId "5702879"]
[BlackFideId "9902651"]
[EventDate "2021.08.27"]
[EventType "team"]

1. e4 c5 2. Nc3 Nc6 3. g3 d6 4. Bg2 Nf6 5. h3 e5 6. Nge2 Be7 7. d3 Rb8 8. O-O
O-O 9. f4 Nd4 10. Be3 exf4 11. gxf4 Nxe2+ 12. Qxe2 b5 13. Kh2 b4 14. Nd1 d5 15.
e5 Ne8 16. d4 Bf5 17. dxc5 d4 18. Bf2 Bxc5 19. Be4 Qd7 20. Qd3 Bxe4 21. Qxe4 Rb6
22. b3 Rh6 23. f5 Nc7 24. Nb2 Nb5 25. Nd3 Be7 26. Rg1 g6 27. Qf3 Kh8 28. f6 Bd8
29. Nxb4 Bc7 30. Nd3 Re8 31. Rae1 Rh5 32. Rg4 Nc3 33. Bxd4 Nd5 34. Kg2 Rf5 35.
Qd1 h5 36. Rg3 Nxf6 37. Bb2 Qc6+ 38. Kh2 Ne4 39. Rge3 Nf2 40. Qe2 Nxd3 41. cxd3
Kh7 42. d4 Qd5 43. Rf1 Rxf1 44. Qxf1 Bb6 45. Qc4 Qe6 46. Rf3 Kg7 47. Qxe6 fxe6
48. Kg3 Rc8 49. Bc3 Bd8 50. Kf4 Rc6 51. Ke4 Ra6 52. a4 Rc6 53. d5 exd5+ 54. Kxd5
Rc8 55. e6+ Kg8 56. Kd6 Bh4 57. e7 Re8 58. Bf6 Bxf6 59. Rxf6 Kg7 60. Rf3 g5 61.
Kd7 Rb8 62. e8=Q Rxe8 63. Kxe8 Kg6 64. b4 g4 65. hxg4 hxg4 66. Rc3 Kg5 67. b5
Kf4 68. a5 g3 69. Rxg3 Kxg3 70. b6 axb6 71. axb6 Kf4 72. b7 1-0

[Event "Online Olym Div3 A 2021"]
[Site "chess.com INT"]
[Date "2021.08.27"]
[Round "3.4"]
[Board "5"]
[White "De Silva, L M S T"]
[Black "Chan, Kim Yew"]
[Result "1-0"]
[WhiteTitle "FM"]
[BlackTitle "FM"]
[WhiteElo "2085"]
[BlackElo "2303"]
[WhiteTeam "Sri Lanka"]
[BlackTeam "Malaysia"]
[WhiteFideId "9953698"]
[BlackFideId "5717981"]
[EventDate "2021.08.27"]
[EventType "team"]

1. e4 c5 2. Nf3 Nc6 3. Bb5 g6 4. Bxc6 bxc6 5. O-O Bg7 6. Re1 Rb8 7. c3 Nf6 8. d4
cxd4 9. cxd4 O-O 10. Nc3 d6 11. h3 Nd7 12. b3 c5 13. Bb2 Re8 14. Qd2 Bb7 15.
Rad1 a6 16. Na4 Bc6 17. dxc5 Bxb2 18. Nxb2 Nxc5 19. Nd4 Ba8 20. e5 dxe5 21. Rxe5
Nd7 22. Ne6 fxe6 23. Qxd7 Qxd7 24. Rxd7 Rbd8 25. Rxd8 Rxd8 26. Rxe6 Rd2 27. Rxa6
Bb7 28. Ra7 Rxb2 29. Rxb7 Rxa2 30. Rxe7 Rb2 31. Rb7 h5 32. h4 Kf8 33. f3 Kg8 34.
Kh2 Kf8 35. Kg3 Kg8 36. b4 Kf8 37. b5 Kg8 38. Kf4 Rxg2 39. b6 Rb2 40. Kg5 Rg2+
41. Kh6 Rb2 42. Rb8+ Kf7 43. b7 1-0

[Event "Online Olym Div3 A 2021"]
[Site "chess.com INT"]
[Date "2021.08.27"]
[Round "3.4"]
[Board "6"]
[White "Nurul Akma Quzaina Khairolhisal"]
[Black "Sanudula, K M Dahamdi"]
[Result "1-0"]
[BlackTitle "WCM"]
[WhiteElo "1301"]
[BlackElo "1717"]
[WhiteTeam "Malaysia"]
[BlackTeam "Sri Lanka"]
[WhiteFideId "5741700"]
[BlackFideId "9932470"]
[EventDate "2021.08.27"]
[EventType "team"]

1. Nf3 Nf6 2. g3 e6 3. Bg2 d5 4. d3 Be7 5. Nbd2 O-O 6. O-O Nbd7 7. Re1 b6 8. e4
dxe4 9. dxe4 Bb7 10. c3 Nc5 11. Qc2 Nd3 12. Re3 Ba6 13. Nd4 Bc5 14. e5 Bxd4 15.
cxd4 Nb4 16. Qa4 Ng4 17. Re4 f5 18. exf6 Nxf6 19. Qxb4 Nxe4 20. Bxe4 Qf6 21. Nf3
Rab8 22. Bg5 Qf7 23. Be7 c5 24. Qa4 Qxe7 25. Qxa6 cxd4 26. Qc4 Qc5 27. Qxe6+ Kh8
28. Ne5 Qc7 29. Qh3 h6 30. Ng6+ Kg8 31. Qe6+ Rf7 32. Bd5 Rd8 33. Qxf7+ Qxf7 34.
Bxf7+ Kxf7 35. Ne5+ Ke6 36. Nd3 Kd5 37. Nf4+ Ke4 38. Re1+ Kf3 39. Nd3 Kg4 40.
Kg2 a5 41. h3+ Kf5 42. g4+ Kf6 43. f4 Rc8 44. Re2 b5 45. a3 Rc4 46. Kf3 b4 47.
axb4 axb4 48. h4 b3 49. g5+ hxg5 50. hxg5+ Kf5 51. Re5+ Kg6 52. Kg4 Rc2 53. f5+
Kf7 54. g6+ Kf8 55. Re4 Rg2+ 56. Kf4 Rh2 57. Nc5 Rh4+ 58. Kg5 Rxe4 59. Nxe4 d3
60. Kf4 Ke7 61. Ke3 d2 62. Kxd2 1-0

[Event "Online Olym Div3 A 2021"]
[Site "chess.com INT"]
[Date "2021.08.27"]
[Round "3.5"]
[Board "1"]
[White "Fan, Allen Chi Zhou"]
[Black "Tran, Thanh Tu"]
[Result "0-1"]
[WhiteTitle "FM"]
[BlackTitle "CM"]
[WhiteElo "2147"]
[BlackElo "2374"]
[WhiteTeam "New Zealand"]
[BlackTeam "Japan"]
[WhiteFideId "4304128"]
[BlackFideId "12401404"]
[EventDate "2021.08.27"]
[EventType "team"]

1. Nf3 d5 2. c4 Nf6 3. cxd5 Qxd5 4. Nc3 Qh5 5. d4 c6 6. e4 Bg4 7. Qb3 Nbd7 8.
Be2 O-O-O 9. e5 Ne8 10. h3 Nc7 11. Be3 Nb6 12. Rc1 Kb8 13. hxg4 Qxh1+ 14. Kd2
Qxg2 15. Rg1 Qh3 16. Qxf7 h5 17. Bf1 Nc4+ 18. Qxc4 Qxf3 19. Rg3 Qh1 20. Rh3 Qxh3
21. Bxh3 hxg4 22. Bxg4 Rh4 23. Bf3 g5 24. Ne4 g4 25. Be2 Bh6 26. Bxh6 Rxh6 27.
Nc5 Nd5 28. Bxg4 Rh4 29. Ne6 Rdh8 30. Be2 Rh2 31. Ke1 Rh1+ 32. Bf1 Rg1 33. Kd2
Rh2 34. Ke1 Rhh1 35. Nf8 Kc7 36. f3 Ne3 37. Qe6 Rxf1+ 38. Kd2 Nd5 39. Qd7+ Kb6
40. Qd8+ Kb5 41. Ke2 Rb1 42. Kf2 Rxb2+ 43. Kg3 Rg1+ 44. Kh3 Nf4+ 45. Kh4 Rh2# 0-1

[Event "Online Olym Div3 A 2021"]
[Site "chess.com INT"]
[Date "2021.08.27"]
[Round "3.5"]
[Board "2"]
[White "Aoshima, Mirai"]
[Black "Winter, Ryan"]
[Result "1-0"]
[WhiteTitle "FM"]
[WhiteElo "2342"]
[BlackElo "2006"]
[WhiteTeam "Japan"]
[BlackTeam "New Zealand"]
[WhiteFideId "7002386"]
[BlackFideId "4306295"]
[EventDate "2021.08.27"]
[EventType "team"]

1. d4 Nf6 2. c4 e6 3. Nf3 d5 4. Nc3 Bb4 5. Bg5 dxc4 6. e4 b5 7. e5 h6 8. Bh4 g5
9. Nxg5 hxg5 10. Bxg5 Nbd7 11. exf6 Bb7 12. Qd2 c5 13. O-O-O Qb6 14. dxc5 Nxc5
15. h4 Bc6 16. Be3 Qa6 17. Bxc5 Bxc5 18. Qg5 Bf8 19. Qg4 Qb7 20. Ne2 Rc8 21. Kb1
b4 22. Nd4 Bd5 23. Be2 Rc5 24. Bf3 c3 25. Bxd5 Rxd5 26. Rhe1 Qc8 27. Nc2 Rxd1+
28. Rxd1 a5 29. b3 Bh6 30. Qh5 a4 31. Qb5+ Kf8 32. Qxb4+ Kg8 33. Qxa4 Bd2 34.
Qg4+ Kf8 35. Qg7+ 1-0